Productive efficiency and its convergence across STUs (Record no. 403266)

000 -LEADER
fixed length control field 00377cam a22001217a 4500
008 - FIXED-LENGTH DATA ELEMENTS--GENERAL INFORMATION
fixed length control field 180718b2001 xxu||||| |||| 00| 0 eng d
082 ## - DEWEY DECIMAL CLASSIFICATION NUMBER
Classification number W S64
245 ## - TITLE STATEMENT
Title Productive efficiency and its convergence across STUs
Statement of responsibility, etc. by Sanjay Kumar Singh
260 ## - PUBLICATION, DISTRIBUTION, ETC.
Place of publication, distribution, etc. Pune
Name of publisher, distributor, etc. Central Institute of Road Transport
Date of publication, distribution, etc. 2001
300 ## - PHYSICAL DESCRIPTION
Extent 27p.
440 ## - SERIES STATEMENT/ADDED ENTRY--TITLE
Title Working paper; no. 1
650 ## - SUBJECT ADDED ENTRY--TOPICAL TERM
Topical term or geographic name entry element Transportation
Holdings
Withdrawn status Lost status Damaged status Not for loan Permanent Location Current Location Date acquired Full call number Barcode Date last seen Price effective from Koha item type
        Indian Institute of Public Administration Indian Institute of Public Administration 2004-12-16 W S64 79824 2018-07-21 2018-07-21 Book

Powered by Koha